000
00257nam a2200097Ia 4500
005
20251222114343.0
008
251222s1900||||xx |||||||||||||| ||spa||
082
_a
DVD0192/F41/2004
245
0
_a
Charla: la protección jurÃdica de la persona humana:
942
_c
DVD
999
_c
926
_d
926